00792nam a2200253 a 450000100060000000300080000600500170001400800410003102000150007202000150008703500190010203500110012104000300013204100080016208200240017010000200019424501170021426000560033130000340038750000350042150000200045650400300047665000320050658572BD-RjUL20211209080633.0161219s1989 caua b s00110 eng  a0520065417 a0520073983 a(BD-RjUL)58696 a607254 aANLbengdANLQUTcBD-RjUL aeng 223a338.6bCOS 19891 aCole, Robert E.10aStrategies for learning :bsmall-group activities in American, Japanese, and Swedish industry /cRobert E. Cole. aBerkeley :bUniversity of California Press,cc1989. axvi, 338 p. :bill. ;c24 cm. aFirst paperback printing 1991. aIncludes index. aBibliography: p. 315-325. aOrganigation and Production